000 00924cam a2200253 4500
001 ##L134677
008 060824n1997 000 0 eng u
020 _a0951651897
035 _a(Sirsi) u134677
041 0 _aeng
050 0 4 _a692.2109421 $2 18
110 2 _aLondon District Surveyors Association
_9949
245 0 0 _aFire safety in section 20 buildings
250 _a2nd ed.
260 _aBeckenham
_bLDSA Publications
_c1997
300 _a44p.
_c30cm.
490 0 _aFire Safety Guide
_v1
520 _aGuidance for applicants in setting out proposals for consideration by local authorities under section 20 of the London Building Acts (amendment) Act 1939 (as amended primarily by the Building (Inner London) Regulations 1985).
590 _aIKA050906
650 2 4 _aLONDON BUILDING ACTS (AMENDMENT) ACT 1939 S20
651 4 _aLONDON
690 _aMANAGEMENT-HEALTH AND SAFETY-FIRE SAFETY
942 _n0
999 _c105769
_d105769